00661nam a2200193Ia 4500003000900000008004100009020001800050040001600068080002400084100002900108245005700137260003900194300001500233650004100248650002700289942000700316999001500323952012900338IN-BaIIA211028s9999 xx 000 0 eng d a0-3-6-11001-6 cIIA Library a047.1:533.9bREV-11 aLeontovich, M. A.910851 0aReviews of plasma physicsbvol. 11c M. A.Leontovich aNew YorkbConsultants Bureauc1986 avii, 308p. aAstronomy and Astrophysics Thesaurus aPlasmas physics915850 cBK c9413d9413 00104070aBANbBANcGENd0000-00-00g1653.00l0o047.1:533.9/ REV-11p10323r2021-11-05v1653.00w0000-00-00yBKGRs. 1653